| 000 | 01967cam a22004694a 4500 | ||
|---|---|---|---|
| 001 | 14686540 | ||
| 003 | OSt | ||
| 005 | 20210411114255.0 | ||
| 008 | 070103s2007 maua b 001 0 eng | ||
| 010 | _a 2007000012 | ||
| 015 |
_aGBA652908 _2bnb |
||
| 016 | 7 |
_a101296442 _2DNLM |
|
| 016 | 7 |
_a013486117 _2Uk |
|
| 020 | _a9780878934843 (alk. paper) | ||
| 020 | _a0878934847 (alk. paper) | ||
| 035 | _a(OCoLC)ocm77574049 | ||
| 035 | _a(OCoLC)77574049 | ||
| 040 |
_aDNLM/DLC _cDLC _dBTCTA _dNLM _dC#P _dBAKER _dYDXCP _dUKM _dDLC |
||
| 042 | _apcc | ||
| 050 | 0 | 0 |
_aQH390 _b.L96 2007 |
| 080 |
_a575 _bL-99 |
||
| 100 | 1 |
_aLynch, Michael, _d1951- |
|
| 245 | 1 | 4 |
_aThe origins of genome architecture / _cMichael Lynch. |
| 260 |
_aSunderland, Mass. : _bSinauer Associates, _cc2007. |
||
| 300 |
_axvi, 494 p. : _bill. (some col.) ; _c25 cm. |
||
| 504 | _aIncludes bibliographical references (p. [401]-470) and indexes. | ||
| 505 | 0 | _aThe origin of eukaryotes -- Genome size and organismal complexity -- The human genome -- Why population size matters -- Three keys to chromosomal integrity -- The nucleotide composition landscape -- Mobile genetic elements -- Genomic expansion by gene duplication -- Genes in pieces -- Transcript production -- Expansion and contraction of organelle genomes -- Sex chromosomes -- Genomfart. | |
| 650 | 0 | _aEvolutionary genetics. | |
| 650 | 0 | _aGenomes. | |
| 650 | 0 | _aMolecular evolution. | |
| 650 | 0 | _aPopulation genetics. | |
| 650 | 1 | 2 |
_aGenome _xgenetics. |
| 650 | 2 | 2 | _aEukaryotic Cells. |
| 650 | 2 | 2 | _aEvolution, Molecular. |
| 653 | _aგენეტიკა | ||
| 653 | _aგენომი | ||
| 653 | _aევოლუცია | ||
| 856 | 4 | 1 |
_3Table of contents only _uhttp://www.loc.gov/catdir/toc/ecip077/2007000012.html |
| 906 |
_a7 _bcbc _corignew _d1 _eecip _f20 _gy-gencatlg |
||
| 942 |
_2udc _cBK |
||
| 999 |
_c88 _d88 |
||